Материалы научной сессии, г. Волгоград, 21-25 апреля 2014 г. Ч. 1 (Запись № 10232251)
[ простой вид ]
| 000 -МАРКЕР | |
|---|---|
| контрольное поле | 01841nam2a2200277 i 4500 |
| 001 - ИДЕНТИФИКАТОР ЗАПИСИ | |
| контрольное поле | RU\NLR\BIBL_A\010525101 |
| 005 - ИДЕНТИФИКАТОР ВЕРСИИ | |
| контрольное поле | 20241103190353.0 |
| 010 ## - МЕЖДУНАРОДНЫЙ СТАНДАРТНЫЙ НОМЕР КНИГИ (ISBN) | |
| Номер (ISBN) | 9785966913304 |
| Уточнения | ч.1 |
| Тираж | 174 |
| 021 ## - НОМЕР ГОСУДАРСТВЕННОЙ РЕГИСТРАЦИИ | |
| Код страны | Российская Федерация |
| Номер | 2014-64229 |
| Номер Листа государственной регистраци | 3912 |
| 035 ## - ДРУГИЕ СИСТЕМНЫЕ НОМЕРА | |
| Идентификатор записи | (NLR Aleph) 010525101 |
| 100 ## - ДАННЫЕ ОБЩЕЙ ОБРАБОТКИ | |
| Данные общей обработки | 20131026g20149999km y0rusy50 ca |
| 101 0# - ЯЗЫК РЕСУРСА | |
| Язык текста, звукозаписи и т.д. | русский |
| 102 ## - СТРАНА ПУБЛИКАЦИИ ИЛИ ПРОИЗВОДСТВА | |
| Страна публикации | Российская Федерация |
| 105 ## - ПОЛЕ КОДИРОВАННЫХ ДАННЫХ: ТЕКСТОВЫЕ МАТЕРИАЛЫ, МОНОГРАФИЧЕСКИЕ | |
| Кодированные данные о монографическом текстовом документе | a|||z|||100yy |
| 200 0# - ЗАГЛАВИЕ И СВЕДЕНИЯ ОБ ОТВЕТСТВЕННОСТИ | |
| Основное заглавие | Ч. 1 |
| 210 ## - ПУБЛИКАЦИЯ, РАСПРОСТРАНЕНИЕ И ДР. | |
| Дата издания, распространения и т.д. | 2014 |
| 215 ## - ФИЗИЧЕСКАЯ ХАРАКТЕРИСТИКА | |
| Специфическое обозначение материала и объем | 473, [1] с. |
| Другие сведения о физической характеристике | ил. |
| 320 ## - ПРИМЕЧАНИЯ О НАЛИЧИИ В ДОКУМЕНТЕ БИБЛИОГРАФИИ / УКАЗАТЕЛЯ | |
| Текст примечания | Библиогр. в примеч. в конце докл. |
| 461 #0 - УРОВЕНЬ НАБОРА | |
| Встроенное поле | 001RU\NLR\BIBL_A\010533060 |
| -- | 2000#$aМатериалы научной сессии, г. Волгоград, 21-25 апреля 2014 г.$eв 2 ч.$fМ-во образования и науки Рос. Федерации, Федер. гос. автоном. образоват. учреждение высш. проф. образования "Волгогр. гос. ун-т"$vЧ. 1 |
| Системный номер (АБИС) связанной записи | 10265320 |
| Автор | Волгоградский государственный университет. Научная сессия (2014) |
| Место публикации | Волгоград |
| Дата публикации | 2014 |
| Первые сведения об ответственности | М-во образования и науки Рос. Федерации, Федер. гос. автоном. образоват. учреждение высш. проф. образования "Волгогр. гос. ун-т" |
| Имя издателя, распространителя и т.д. | Изд-во Волгоградского государственного университета |
| Сведения, относящиеся к заглавию | в 2 ч. |
| Заглавие | Материалы научной сессии, г. Волгоград, 21-25 апреля 2014 г. |
| ISBN | 9785966913298 |
| Номер тома | Ч. 1 |
| 601 02 - НАИМЕНОВАНИЕ ОРГАНИЗАЦИИ КАК ПРЕДМЕТ | |
| Начальный элемент ввода | Волгоградский государственный университет |
| Формальный подзаголовок | Сборники |
| Тематический подзаголовок | Научные конференции |
| Системный номер авторитетной/нормативной записи | 1396982 |
| Идентификатор авторитетной/нормативной записи | RU\NLR\auth\66274845 |
| 686 ## - ИНДЕКСЫ ДРУГИХ КЛАССИФИКАЦИЙ | |
| Индекс | Я431(2)31 |
| 942 ## - ДОПОЛНИТЕЛЬНЫЕ ЭЛЕМЕНТЫ ЗАПИСИ (АБИС) | |
| Тип экземпляра АБИС | Книга |
| 980 ## - КОЛЛЕКЦИЯ | |
| Название коллекции | НБР |
Нет доступных экземпляров.